000 00252nam a2200097Ia 4500
008 231107s2008 xx 000 0 und d
041 _aeng
100 _aHamilton Nick
245 _aOrganic Gardening Techniques
260 _aLondon
_bNew Holland pub.
_c2008
999 _c929651
_d929651